[Event "ST-2021-0-00210"]
[Site "LSS email"]
[Date "2021.12.01"]
[Round "?"]
[White "Cvak, Rudolf"]
[Black "Kahl, Fred"]
[Result "1/2-1/2"]
[WhiteElo "2319"]
[BlackElo "2431"]
[PlyCount "54"]
[EventDate "2021.11.24"]
[EventType "tourn (corr)"]
[EventRounds "6"]
[EventCountry "GER"]
[SourceTitle "Corr 2024"]
[Source "ChessBase"]
[SourceDate "2023.10.19"]
[SourceVersion "1"]
[SourceVersionDate "2023.10.19"]
[SourceQuality "1"]

1. d4 Nf6 2. c4 g6 3. h4 Bg7 4. Nc3 d6 5. e4 Nc6 6. Nge2 0-0 7. f3 e5 8. d5 Nd4 9. Be3 c5 10. dxc6 bxc6 11. Nxd4 exd4 12. Bxd4 Rb8 13. Qc2 Be6 14. 0-0-0 Qa5 15. h5 c5 16. h6 Bxh6+ 17. Rxh6 cxd4 18. Rxd4 Rb4 19. a3 Qb6 20. axb4 Qxd4 21. Rh1 Bxc4 22. Bxc4 Qxc4 23. Nd5 Qxc2+ 24. Kxc2 Nxd5 25. exd5 Rb8 26. Kc3 Rb7 27. Ra1 Kf8 1/2-1/2

[Event "ST-2021-0-00210"]
[Site "LSS email"]
[Date "2021.11.30"]
[Round "?"]
[White "Kahl, Fred"]
[Black "Sorcinelli, Andrea"]
[Result "1/2-1/2"]
[WhiteElo "2431"]
[BlackElo "2356"]
[PlyCount "79"]
[EventDate "2021.11.24"]
[EventType "tourn (corr)"]
[EventRounds "6"]
[EventCountry "GER"]
[SourceTitle "Corr 2024"]
[Source "ChessBase"]
[SourceDate "2023.10.19"]
[SourceVersion "1"]
[SourceVersionDate "2023.10.19"]
[SourceQuality "1"]

1. d4 Nf6 2. Bf4 d6 3. Nf3 g6 4. Nc3 Bg7 5. e4 0-0 6. Qd2 c5 7. dxc5 dxc5 8. 0-0-0 Qxd2+ 9. Nxd2 Nc6 10. f3 b6 11. Be2 Bb7 12. Nc4 Nd4 13. Bd3 Rfd8 14. Rhe1 Bc6 15. Rd2 h5 16. Bg5 Kf8 17. Red1 Rac8 18. Be3 Nd7 19. Bf1 Ne5 20. a4 Ra8 21. h3 Nxc4 22. Bxc4 a6 23. f4 e6 24. e5 b5 25. Bd3 Kg8 26. Ne4 bxa4 27. Nf6+ Bxf6 28. exf6 h4 29. Bf1 Rd5 30. Bxd4 cxd4 31. Rxd4 Rf5 32. Rd6 Bb5 33. c4 Be8 34. Be2 Rxf4 35. R1d4 Rxf6 36. Bf3 Ra7 37. Rd8 Re7 38. Rb8 Kg7 39. Rdd8 a3 40. bxa3 1/2-1/2

[Event "ST-2021-0-00207"]
[Site "LSS email"]
[Date "2021.11.21"]
[Round "?"]
[White "Kahl, Fred"]
[Black "Willmann, Bernd"]
[Result "1/2-1/2"]
[WhiteElo "2418"]
[BlackElo "2370"]
[PlyCount "101"]
[EventDate "2021.10.30"]
[EventType "tourn (corr)"]
[EventRounds "6"]
[EventCountry "GER"]
[SourceTitle "Corr 2024"]
[Source "ChessBase"]
[SourceDate "2023.10.19"]
[SourceVersion "1"]
[SourceVersionDate "2023.10.19"]
[SourceQuality "1"]

1. d4 Nf6 2. Nc3 d5 3. Bf4 e6 4. e3 Bb4 5. Nge2 0-0 6. a3 Be7 7. Nc1 c5 8. dxc5 Bxc5 9. Nb3 Be7 10. Bd3 Nc6 11. 0-0 a6 12. Bg3 Bd7 13. h3 Rc8 14. Qe2 g6 15. Rad1 Re8 16. Rfe1 Qb6 17. Bh2 Na5 18. Nxa5 Qxa5 19. Be5 Bc6 20. f4 Nd7 21. Bd4 Bf6 22. Qf2 Bxd4 23. exd4 Qb6 24. Rb1 Kg7 25. Re2 Nf6 26. g4 h5 27. f5 exf5 28. gxf5 Bd7 29. Rf1 g5 30. Re5 Qxb2 31. Qe3 Kh6 32. h4 Rg8 33. Nd1 Qxa3 34. Nf2 Kh7 35. Re7 gxh4+ 36. Kh1 Be8 37. Qe5 Rc6 38. Nh3 Qd6 39. Nf4 a5 40. Qe3 Rg3 41. Qe5 Rg8 42. Qe3 Rg3 43. Qe6 Rb6 44. Rxb7 Qc6 45. Re7 Qd6 46. Qe5 Qb8 47. Nxd5 Rh3+ 48. Kg2 Rg3+ 49. Kh1 Rh3+ 50. Kg1 Rg3+ 51. Kh1 1/2-1/2

[Event "ST-2021-0-00207"]
[Site "LSS email"]
[Date "2021.11.21"]
[Round "?"]
[White "Sorcinelli, Andrea"]
[Black "Kahl, Fred"]
[Result "1/2-1/2"]
[WhiteElo "2363"]
[BlackElo "2418"]
[PlyCount "90"]
[EventDate "2021.10.30"]
[EventType "tourn (corr)"]
[EventRounds "6"]
[EventCountry "GER"]
[SourceTitle "Corr 2024"]
[Source "ChessBase"]
[SourceDate "2023.10.19"]
[SourceVersion "1"]
[SourceVersionDate "2023.10.19"]
[SourceQuality "1"]

1. e4 c5 2. Nf3 d6 3. d4 cxd4 4. Nxd4 Nf6 5. Nc3 g6 6. Be3 Bg7 7. f3 Nc6 8. Qd2 0-0 9. Bc4 Bd7 10. 0-0-0 Rb8 11. Bb3 Na5 12. Bh6 Bxh6 13. Qxh6 b5 14. Nd5 Nxb3+ 15. Nxb3 e5 16. Nxf6+ Qxf6 17. h4 Qe7 18. h5 Rb6 19. hxg6 fxg6 20. Na5 Be6 21. a3 Rc8 22. b4 Qg7 23. Qe3 Qc7 24. Rd2 h5 25. Kb2 Qe7 26. Rd3 Kg7 27. Rh2 Bf7 28. g4 h4 29. g5 Rh8 30. Rc3 Rh5 31. f4 exf4 32. Qxf4 Qxg5 33. Qxg5 Rxg5 34. Rxh4 d5 35. Rc7 Rh5 36. Rg4 a6 37. Nb7 dxe4 38. Rxe4 Kf6 39. Nc5 Be6 40. Rxe6+ Rxe6 41. Nxe6 Kxe6 42. Rc6+ Kf7 43. Rxa6 g5 44. a4 g4 45. axb5 Rxb5 1/2-1/2

[Event "ST-2021-0-00203"]
[Site "LSS email"]
[Date "2021.10.24"]
[Round "?"]
[White "Kahl, Fred"]
[Black "Enev, Zlatko"]
[Result "1/2-1/2"]
[WhiteElo "2412"]
[BlackElo "2381"]
[PlyCount "63"]
[EventDate "2021.09.28"]
[EventType "tourn (corr)"]
[EventRounds "6"]
[EventCountry "GER"]
[SourceTitle "Corr 2024"]
[Source "ChessBase"]
[SourceDate "2023.10.19"]
[SourceVersion "1"]
[SourceVersionDate "2023.10.19"]
[SourceQuality "1"]

1. Nf3 c5 2. g3 Nc6 3. Bg2 g6 4. c4 h5 5. Nc3 Bg7 6. d3 d6 7. Bg5 Qd7 8. 0-0 b6 9. e4 Bb7 10. Be3 Nd4 11. Nh4 e6 12. Ne2 Nxe2+ 13. Qxe2 Ne7 14. f4 Bf6 15. a3 Nc6 16. Qf2 Nd4 17. h3 0-0-0 18. Rab1 Kb8 19. Nf3 Nxf3+ 20. Bxf3 d5 21. cxd5 exd5 22. e5 Be7 23. Bg2 f5 24. exf6 Bxf6 25. f5 g5 26. b4 d4 27. Bd2 c4 28. Bxb7 Qxb7 29. dxc4 d3 30. Rfe1 Qc7 31. Qf3 Rhe8 32. Re6 1/2-1/2

[Event "ST-2021-0-00203"]
[Site "LSS email"]
[Date "2021.10.22"]
[Round "?"]
[White "Kahl, Fred"]
[Black "Class, Wolfgang"]
[Result "1/2-1/2"]
[WhiteElo "2412"]
[BlackElo "2388"]
[PlyCount "148"]
[EventDate "2021.09.28"]
[EventType "tourn (corr)"]
[EventRounds "6"]
[EventCountry "GER"]
[SourceTitle "Corr 2024"]
[Source "ChessBase"]
[SourceDate "2023.10.19"]
[SourceVersion "1"]
[SourceVersionDate "2023.10.19"]
[SourceQuality "1"]

1. c4 e5 2. g3 Nf6 3. Bg2 d5 4. cxd5 Nxd5 5. Nc3 Nb6 6. Nf3 Nc6 7. 0-0 Be7 8. a3 0-0 9. d3 Be6 10. Be3 f5 11. b4 Bf6 12. Rc1 Nd4 13. Bxd4 exd4 14. Na4 Nxa4 15. Qxa4 a6 16. Qc2 c6 17. Qb2 Kh8 18. a4 Qe7 19. Nd2 Bd7 20. Nc4 Rab8 21. Nb6 Be8 22. Rc2 h6 23. Rfc1 Qd8 24. Nc4 Kh7 25. Nd2 Qe7 26. Bf3 Rf7 27. Rc5 g6 28. Nb3 Qd8 29. h4 h5 30. Bg2 Qe7 31. Qd2 Bg7 32. f4 Qe6 33. R5c4 Rd8 34. Na5 Re7 35. Bf3 Qd6 36. Rc5 Rb8 37. Kg2 Qd8 38. Qb2 Kh8 39. Nc4 b6 40. Rxc6 Bxc6 41. Bxc6 b5 42. axb5 axb5 43. Na5 Rc7 44. Bf3 Rc3 45. Ra1 Qd7 46. Nb3 Bf8 47. Ra6 Kh7 48. Qa3 Kh6 49. Qa2 Bxb4 50. Nxd4 Qxd4 51. Qe6 Qg7 52. Qxf5 Rc5 53. Qe6 Rf8 54. Be4 Qf7 55. Qxf7 Rxf7 56. Rxg6+ Kh7 57. d4 Rcc7 58. Rb6+ Kg7 59. Rxb5 Bc3 60. Rg5+ Kf8 61. d5 Rg7 62. Rxh5 Be1 63. Rg5 Rxg5 64. hxg5 Rc3 65. Bf3 Re3 66. Kh3 Kg7 67. Kg4 Bb4 68. f5 Bd6 69. Kh4 Bc7 70. f6+ Kg6 71. Bh5+ Kf5 72. Bf3 Kg6 73. Bh5+ Kf5 74. Bf3 Kg6 1/2-1/2

[Event "ST-2021-0-00203"]
[Site "LSS email"]
[Date "2021.10.22"]
[Round "?"]
[White "Willmann, Bernd"]
[Black "Kahl, Fred"]
[Result "1/2-1/2"]
[WhiteElo "2370"]
[BlackElo "2412"]
[PlyCount "57"]
[EventDate "2021.09.28"]
[EventType "tourn (corr)"]
[EventRounds "6"]
[EventCountry "GER"]
[SourceTitle "Corr 2024"]
[Source "ChessBase"]
[SourceDate "2023.10.19"]
[SourceVersion "1"]
[SourceVersionDate "2023.10.19"]
[SourceQuality "1"]

1. e4 e5 2. Nf3 Nc6 3. Bb5 a6 4. Ba4 Nf6 5. 0-0 Nxe4 6. d4 b5 7. Bb3 d5 8. dxe5 Be6 9. c3 Be7 10. Nbd2 Nc5 11. Bc2 d4 12. Nb3 d3 13. Bb1 Nxb3 14. axb3 Bf5 15. Re1 0-0 16. Be3 Qd5 17. h4 a5 18. Bd4 b4 19. Bxd3 Bxd3 20. Qxd3 bxc3 21. bxc3 Qxb3 22. Be3 Qe6 23. Qe4 a4 24. Rxa4 Rxa4 25. Qxa4 Nxe5 26. Nxe5 Qxe5 27. Bd2 Qd5 28. Rxe7 Qxd2 29. Re3 1/2-1/2

[Event "ST-2021-0-00202"]
[Site "LSS email"]
[Date "2021.10.18"]
[Round "?"]
[White "Kahl, Fred"]
[Black "Willmann, Bernd"]
[Result "1/2-1/2"]
[WhiteElo "2413"]
[BlackElo "2357"]
[PlyCount "87"]
[EventDate "2021.08.29"]
[EventType "tourn (corr)"]
[EventRounds "6"]
[EventCountry "GER"]
[SourceTitle "Corr 2024"]
[Source "ChessBase"]
[SourceDate "2023.10.19"]
[SourceVersion "1"]
[SourceVersionDate "2023.10.19"]
[SourceQuality "1"]

1. c4 Nf6 2. g3 e6 3. Bg2 d5 4. Nf3 dxc4 5. 0-0 Nbd7 6. Qc2 Nb6 7. a4 a5 8. Na3 Bxa3 9. Rxa3 Nfd5 10. d3 cxd3 11. Rxd3 Qe7 12. Rfd1 0-0 13. b3 Nb4 14. Ba3 e5 15. e4 f6 16. Qc3 Bg4 17. h3 Be6 18. Nh4 c5 19. Rd6 Nc8 20. Rxe6 Qxe6 21. Bf1 Kh8 22. Qxc5 Qe7 23. Qxe7 Nxe7 24. Rd7 Rfe8 25. Bb5 Rab8 26. g4 Ng6 27. Nf5 Red8 28. Rxg7 Rd1+ 29. Kh2 Rd2 30. Kg3 Nd3 31. Bxd3 Rxd3+ 32. f3 Rxb3 33. Bd6 Rc8 34. Rd7 Rb1 35. Bc5 h5 36. Be3 h4+ 37. Nxh4 Nxh4 38. Kxh4 b5 39. axb5 Rxb5 40. Bh6 Rg8 41. Ra7 a4 42. Rxa4 Rb3 43. Kg3 Kh7 44. Bc1 1/2-1/2

[Event "ST-2021-0-00201"]
[Site "LSS email"]
[Date "2021.10.15"]
[Round "?"]
[White "Class, Wolfgang"]
[Black "Kahl, Fred"]
[Result "1/2-1/2"]
[WhiteElo "2388"]
[BlackElo "2413"]
[PlyCount "95"]
[EventDate "2021.08.18"]
[EventType "tourn (corr)"]
[EventRounds "6"]
[EventCountry "GER"]
[SourceTitle "Corr 2024"]
[Source "ChessBase"]
[SourceDate "2023.10.19"]
[SourceVersion "1"]
[SourceVersionDate "2023.10.19"]
[SourceQuality "1"]

1. d4 d5 2. Nf3 Nf6 3. c4 c6 4. e3 e6 5. Nc3 Nbd7 6. Bd3 dxc4 7. Bxc4 b5 8. Bd3 Bb7 9. a3 b4 10. Ne4 Nxe4 11. Bxe4 a5 12. 0-0 Be7 13. Qc2 h6 14. b3 0-0 15. axb4 axb4 16. Bb2 Nf6 17. Nd2 Nxe4 18. Nxe4 Ba6 19. Rfd1 Qd5 20. Nc5 Bb5 21. h3 Qh5 22. Rxa8 Rxa8 23. Ra1 Rd8 24. Nb7 Rc8 25. Nc5 Bxc5 26. dxc5 Rd8 27. Qe4 Qxc5 28. Bd4 Qg5 29. Bb6 Qf6 30. Bd4 Qf5 31. Qxf5 exf5 32. Bc5 Be2 33. Bxb4 Rb8 34. Bd6 Rxb3 35. Rc1 Bb5 36. Rc5 Rd3 37. Bf4 g5 38. Bg3 Rd5 39. Rxd5 cxd5 40. Be5 Kh7 41. f3 Kg6 42. Kf2 h5 43. g3 h4 44. gxh4 f6 45. h5+ Kxh5 46. Bxf6 g4 47. hxg4+ fxg4 48. fxg4+ 1/2-1/2

[Event "ST-2021-0-00199"]
[Site "LSS email"]
[Date "2021.09.22"]
[Round "?"]
[White "Kahl, Fred"]
[Black "Sorcinelli, Andrea"]
[Result "1/2-1/2"]
[WhiteElo "2413"]
[BlackElo "2373"]
[PlyCount "102"]
[EventDate "2021.07.29"]
[EventType "tourn (corr)"]
[EventRounds "6"]
[EventCountry "GER"]
[SourceTitle "Corr 2024"]
[Source "ChessBase"]
[SourceDate "2023.10.19"]
[SourceVersion "1"]
[SourceVersionDate "2023.10.19"]
[SourceQuality "1"]

1. d4 Nf6 2. Nf3 d5 3. e3 e6 4. Bd3 c5 5. b3 Nc6 6. Bb2 Bd6 7. dxc5 Bxc5 8. a3 0-0 9. Nbd2 a5 10. c4 Qe7 11. Qc2 h6 12. h3 b6 13. cxd5 exd5 14. 0-0 Rd8 15. Rfd1 Be6 16. Nf1 Rac8 17. Bb5 Na7 18. Ba6 Rc7 19. Ng3 Bd6 20. Qe2 Bxg3 21. fxg3 Ne4 22. Kh2 b5 23. a4 bxa4 24. Rxa4 Nc6 25. Bd3 Rb8 26. Bc2 Rcc8 27. Rc1 Qd8 28. Qd1 Bf5 29. Nd2 Nb4 30. Bxe4 dxe4 31. Bd4 Be6 32. Rxc8 Rxc8 33. Nc4 Nc6 34. Qd2 Nxd4 35. exd4 Bxc4 36. Rxc4 Rxc4 37. bxc4 Qe8 38. Qe3 g6 39. c5 Qe6 40. Qc1 e3 41. c6 e2 42. c7 e1Q 43. c8Q+ Qxc8 44. Qxc8+ Kg7 45. d5 Qe5 46. Qc6 a4 47. d6 a3 48. d7 Qd4 49. Qc7 a2 50. d8Q a1Q 51. Qxd4+ Qxd4 1/2-1/2

[Event "ST-2021-0-00199"]
[Site "LSS email"]
[Date "2021.09.22"]
[Round "?"]
[White "Susla, Vitaliy"]
[Black "Kahl, Fred"]
[Result "1/2-1/2"]
[WhiteElo "2311"]
[BlackElo "2413"]
[PlyCount "73"]
[EventDate "2021.07.29"]
[EventType "tourn (corr)"]
[EventRounds "6"]
[EventCountry "GER"]
[SourceTitle "Corr 2024"]
[Source "ChessBase"]
[SourceDate "2023.10.19"]
[SourceVersion "1"]
[SourceVersionDate "2023.10.19"]
[SourceQuality "1"]

1. e4 c5 2. Nf3 d6 3. d4 cxd4 4. Nxd4 Nf6 5. Nc3 g6 6. Be3 Bg7 7. f3 0-0 8. Qd2 Nc6 9. 0-0-0 d5 10. exd5 Nxd5 11. Nxc6 bxc6 12. Bd4 Bxd4 13. Qxd4 Qb6 14. Na4 Qc7 15. Bc4 Rd8 16. Nc5 Bf5 17. Bb3 Nb6 18. Qe3 Rxd1+ 19. Rxd1 Qxh2 20. g4 Nd5 21. Qd2 Qxd2+ 22. Kxd2 Bc8 23. Ba4 Rb8 24. Bxc6 Nb4 25. Ba4 Rb6 26. a3 Rd6+ 27. Ke1 Rxd1+ 28. Kxd1 Nd5 29. Ke2 h5 30. gxh5 gxh5 31. Bc6 Nf4+ 32. Ke3 e5 33. Bd7 Nd5+ 34. Kf2 Bxd7 35. Nxd7 f6 36. c4 Nf4 37. Nxf6+ 1/2-1/2

[Event "ST-2021-0-00195"]
[Site "LSS email"]
[Date "2021.07.23"]
[Round "?"]
[White "Enev, Zlatko"]
[Black "Kahl, Fred"]
[Result "1/2-1/2"]
[WhiteElo "2353"]
[BlackElo "2409"]
[PlyCount "75"]
[EventDate "2021.05.31"]
[EventType "tourn (corr)"]
[EventRounds "6"]
[EventCountry "GER"]
[SourceTitle "Corr 2024"]
[Source "ChessBase"]
[SourceDate "2023.10.19"]
[SourceVersion "1"]
[SourceVersionDate "2023.10.19"]
[SourceQuality "1"]

1. d4 Nf6 2. c4 g6 3. Nc3 Bg7 4. e4 d6 5. Nf3 0-0 6. Be2 c5 7. d5 e6 8. h3 exd5 9. exd5 Bf5 10. g4 Be4 11. 0-0 Bxf3 12. Bxf3 Nbd7 13. Bg5 h6 14. Bh4 Re8 15. Qc2 Ne5 16. Be2 g5 17. Bg3 Ng6 18. Rfe1 Nf4 19. Bf1 Nd7 20. Bxf4 gxf4 21. Rxe8+ Qxe8 22. Qf5 Qe7 23. Qxf4 Bxc3 24. bxc3 Kg7 25. Rb1 Ne5 26. Qe3 Re8 27. Kg2 b6 28. Re1 Nf3 29. Re2 Qxe3 30. fxe3 Ne5 31. Rf2 Nd7 32. Kf3 h5 33. gxh5 Rh8 34. Rg2+ Kf6 35. h4 Rxh5 36. Kg3 Re5 37. Rf2+ Kg7 38. Kf4 1/2-1/2

[Event "ST-2021-0-00195"]
[Site "LSS email"]
[Date "2021.07.23"]
[Round "?"]
[White "Wosch, Arkadiusz"]
[Black "Kahl, Fred"]
[Result "1/2-1/2"]
[WhiteElo "2307"]
[BlackElo "2409"]
[PlyCount "84"]
[EventDate "2021.05.31"]
[EventType "tourn (corr)"]
[EventRounds "6"]
[EventCountry "GER"]
[SourceTitle "Corr 2024"]
[Source "ChessBase"]
[SourceDate "2023.10.19"]
[SourceVersion "1"]
[SourceVersionDate "2023.10.19"]
[SourceQuality "1"]

1. e4 c5 2. c3 d5 3. exd5 Qxd5 4. d4 Nf6 5. Nf3 e6 6. Be2 Be7 7. 0-0 0-0 8. c4 Qc6 9. Nc3 Rd8 10. Be3 Qb6 11. a3 Nc6 12. dxc5 Bxc5 13. Bd2 Be7 14. Qc2 e5 15. Bg5 Be6 16. b4 a5 17. b5 Nd4 18. Nxd4 exd4 19. Ne4 Rac8 20. Bxf6 Bxf6 21. Nxf6+ gxf6 22. Bd3 Kg7 23. Qe2 Rc5 24. a4 Qc7 25. Rac1 Qf4 26. g3 Qc7 27. Rfe1 b6 28. h4 Qd7 29. Qf3 Rdc8 30. Re4 Bxc4 31. Rg4+ Kf8 32. Bxh7 Be6 33. Rg8+ Ke7 34. Rxc8 Qxc8 35. Rxc5 Qxc5 36. Be4 Qc3 37. Kg2 Qb3 38. Qf4 Bd5 39. Qf3 Qxf3+ 40. Kxf3 Bb3 41. Bd3 Bxa4 42. Ke4 Bb3 1/2-1/2

[Event "ST-2021-0-00191"]
[Site "LSS email"]
[Date "2021.05.24"]
[Round "?"]
[White "Kahl, Fred"]
[Black "Willmann, Bernd"]
[Result "1/2-1/2"]
[WhiteElo "2413"]
[BlackElo "2352"]
[PlyCount "46"]
[EventDate "2021.05.02"]
[EventType "tourn (corr)"]
[EventRounds "6"]
[EventCountry "GER"]
[SourceTitle "Corr 2024"]
[Source "ChessBase"]
[SourceDate "2023.10.19"]
[SourceVersion "1"]
[SourceVersionDate "2023.10.19"]
[SourceQuality "1"]

1. e4 c5 2. Nf3 d6 3. d3 Nf6 4. g3 Nc6 5. Bg2 g6 6. 0-0 Bg7 7. Re1 0-0 8. Nbd2 e5 9. c3 h6 10. a3 Be6 11. b4 b5 12. Rb1 a6 13. Bb2 Qb6 14. Nf1 Rad8 15. Rc1 Rc8 16. Qd2 Rfd8 17. d4 cxd4 18. cxd4 Bg4 19. d5 Bxf3 20. Bxf3 Nd4 21. Bxd4 exd4 22. Rc6 Rxc6 23. dxc6 Qxc6 1/2-1/2